| 000 | 00514nam a22001697a 4500 | ||
|---|---|---|---|
| 003 | NUST | ||
| 005 | 20240720124322.0 | ||
| 082 | _a005.8,FAR | ||
| 100 |
_aFarooq, Ammar _9124654 |
||
| 245 |
_aDigital Barricade for Military Cloud (DBMC) / _cGC Ammar Farooq, GC Satish Kumar, GC Hasnain Ali, GC Muhammad Talha. |
||
| 260 |
_aMCS, NUST _bRawalpindi _c2024 |
||
| 300 | _axii, 66 p | ||
| 650 |
_aUG BEIS _9124639 |
||
| 651 |
_aBEIS-01 _9124643 |
||
| 700 |
_aSupervisor Dr. Shahzaib Tahir _9113129 |
||
| 942 |
_2ddc _cPR |
||
| 999 |
_c610458 _d610458 |
||